000 00607nam a2200265Ia 4500
005 20260306164327.0
008 008 260114s9999 xx 000 0 eng d
020 _a9780231538695
037 _aEBOOK
040 _aCRL
040 _beng
040 _cCRL
041 _2eng
041 _aeng
084 _qCRL
100 _aCunningham
245 0 _aBerkshire Beyond Buffett
260 _bColumbia University Press
260 _c2015
650 _aEconomics & Finance
856 _uhttps://academic.oup.com/book/13231
942 _cEBOOK
999 _c1713662
_d1713662